Albania : Selected Issues and Statistical Appendix.

This Selected Issues paper and Statistical Appendix analyzes causes and consequences of real exchange rate appreciation in Albania. The paper highlights that Albania has experienced a sustained real appreciation since 1992, which appears to have been brought about by largely beneficial developments:...

Ամբողջական նկարագրություն

Մատենագիտական մանրամասներ
Համատեղ հեղինակ: International Monetary Fund
Ձևաչափ: Ամսագիր
Լեզու:English
Հրապարակվել է: Washington, D.C. : International Monetary Fund, 2003.
Շարք:IMF Staff Country Reports; Country Report ; No. 2003/064
Առցանց հասանելիություն:Full text available on IMF
LEADER 01608cas a2200241 a 4500
001 AALejournalIMF002349
008 230101c9999 xx r poo 0 0eng d
020 |c 5.00 USD 
020 |z 9781451800715 
022 |a 1934-7685 
040 |a BD-DhAAL  |c BD-DhAAL 
110 2 |a International Monetary Fund. 
245 1 0 |a Albania :   |b Selected Issues and Statistical Appendix. 
264 1 |a Washington, D.C. :  |b International Monetary Fund,  |c 2003. 
300 |a 1 online resource (76 pages) 
490 1 |a IMF Staff Country Reports 
500 |a <strong>Off-Campus Access:</strong> No User ID or Password Required 
500 |a <strong>On-Campus Access:</strong> No User ID or Password Required 
506 |a Electronic access restricted to authorized BRAC University faculty, staff and students 
520 3 |a This Selected Issues paper and Statistical Appendix analyzes causes and consequences of real exchange rate appreciation in Albania. The paper highlights that Albania has experienced a sustained real appreciation since 1992, which appears to have been brought about by largely beneficial developments: price liberalization, productivity growth, external inflows, and a successful stabilization policy. The pace of appreciation has slowed in the last few years, and a real depreciation in 2002 has brought the real effective exchange rate back to its January 2000 level. 
538 |a Mode of access: Internet 
830 0 |a IMF Staff Country Reports; Country Report ;  |v No. 2003/064 
856 4 0 |z Full text available on IMF  |u http://elibrary.imf.org/view/journals/002/2003/064/002.2003.issue-064-en.xml  |z IMF e-Library